Prooxidačné a antioxidačné vlastnosti prírodných a syntetických látok + CD-ROM

Gespeichert in:
Bibliographische Detailangaben
1. Verfasser: Gbelcová, Helena (biologička)
Format: Buch
Sprache:Slowakisch
Veröffentlicht: Bratislava STU v Bratislave FCHPT 2005
Online-Zugang:Im OPAC anzeigen
Tags: Tag hinzufügen
Keine Tags, Fügen Sie das erste Tag hinzu!

MARC

LEADER 00000nam a2200000 a 4500
005 20260127134110.0
008 050623 2005 xo 000 0 slo d
035 |a vtls008162349 
039 9 |a 201810050957  |b AUTHORITY  |y 200506231320  |z mschk03 
040 |a STUSCHK1  |b slo  |c STUSCHK1  |e AACR2 
100 1 |a Gbelcová, Helena  |c (biologička)  |9 586 
245 1 |a Prooxidačné a antioxidačné vlastnosti prírodných a syntetických látok  |b + CD-ROM 
260 |a Bratislava  |b STU v Bratislave FCHPT  |c 2005 
300 |a 80 s. 
500 |a Obháj.: 6.6. 2005 
500 |a Špec.: Biochémia a mikrobiológia 
910 |a SCHK95 
999 |c 4021  |d 4021